Redistribución espacial de la población: objetivos, limitaciones e impacto de la acción estatal en Centroamérica, objetivos y marco teórico y conceptual de la investigación /
Gardado en:
| Autor Principal: | |
|---|---|
| Autores Corporativos: | , |
| Outros autores: | |
| Formato: | Texto |
| Publicado: |
San José
|
| Etiquetas: |
Engadir etiqueta
Sen Etiquetas, Sexa o primeiro en etiquetar este rexistro!
|
MARC
| LEADER | 00000 a a2200000 04500 | ||
|---|---|---|---|
| 001 | 20860 | ||
| 003 | |||
| 040 | |||
| 090 | |a 089200 | ||
| 100 | |a Lavell, Allan | ||
| 110 | |a CSUCA | ||
| 245 | |a Redistribución espacial de la población: objetivos, limitaciones e impacto de la acción estatal en Centroamérica, objetivos y marco teórico y conceptual de la investigación / |c CSUCA | ||
| 260 | |a San José | ||
| 300 | |a 150 p.; v. 1 | ||
| 700 | |a Cornick, Jorge | ||
| 710 | |a PISPAL |a IDRC | ||
| 999 | |c 13717 |d 13717 | ||
